Advanced trainer: six practice tests with answers
Guardat en:
| Autors principals: | , |
|---|---|
| Format: | Llibre |
| Idioma: | anglès |
| Publicat: |
Cambridge
Cambridge University Press
2015
|
| Edició: | 2a. ed |
| Col·lecció: | Cambridge English Language Assessment
|
| Matèries: | |
| Etiquetes: |
Afegir etiqueta
Sense etiquetes, Sigues el primer a etiquetar aquest registre!
|
MARC
| LEADER | 00000cam a2200000 a 4500 | ||
|---|---|---|---|
| 001 | UCD3560 | ||
| 003 | CL-VaPUC | ||
| 008 | 160609e20150000uk |||||||||||||||||eng|d | ||
| 082 | 0 | 4 | |a 428 |b ODE |2 21 |
| 100 | |a Oï Dell, Felicity |e author |9 521685 | ||
| 700 | 0 | |a Black, Michael |e author |9 587072 | |
| 245 | 1 | 0 | |a Advanced trainer: six practice tests with answers |
| 250 | |a 2a. ed | ||
| 300 | |a 256 p | ||
| 942 | |c BK | ||
| 945 | |d 20160609 22:21:00 |a arojas | ||
| 260 | |a Cambridge |b Cambridge University Press |c 2015 | ||
| 500 | |a Cambridge Official Preparation Material | ||
| 650 | 0 | |a Lengua inglesa |9 318842 | |
| 650 | 0 | |a Exámenes |9 340201 | |
| 650 | 7 | |a PREGUNTAS |2 CL-VaPUC |9 405588 | |
| 650 | 7 | |a RESPUESTAS |2 CL-VaPUC |9 405589 | |
| 650 | 0 | |a Enseñanza del inglés |9 367340 | |
| 583 | |a last modification |c 20160609 22:21:00 |k Rodrigo Vera | ||
| 490 | 0 | |a Cambridge English Language Assessment | |
| 999 | |c 364596 |d 364594 | ||
| 952 | |0 0 |1 0 |3 erb |4 0 |6 428_000000000000000_ODE_2015 |7 0 |8 R |9 478140 |a BIBEDU |b BIBEDU |c MCIRC |i 5291623 |l 1 |o 428 ODE 2015 |p 5291623 |r 2023-01-13 |s 2022-06-10 |w 2019-11-24 |y BK_R |z Catalogado en:20160609 |k LIT | ||